Claims : their mysteries unravelled: an introduction to claimsmanship for contractors and subcontractors (Record no. 90765)

MARC details
000 -LEADER
fixed length control field 00747cam a2200241 4500
008 - FIXED-LENGTH DATA ELEMENTS--GENERAL INFORMATION
fixed length control field 090401t1989 xxu||||| |||| 00| 0 eng d
020 ## - INTERNATIONAL STANDARD BOOK NUMBER
International Standard Book Number 1872222005
035 ## - SYSTEM CONTROL NUMBER
System control number (Sirsi) u39387
041 ## - LANGUAGE CODE
Language code of text/sound track or separate title eng
050 ## - LIBRARY OF CONGRESS CALL NUMBER
Classification number 692.8
245 ## - TITLE STATEMENT
Title Claims : their mysteries unravelled: an introduction to claimsmanship for contractors and subcontractors
260 ## - PUBLICATION, DISTRIBUTION, ETC.
Place of publication, distribution, etc. Knutsford,Cheshire
Name of publisher, distributor, etc. Knowles Publications
Date of publication, distribution, etc. 1989
300 ## - PHYSICAL DESCRIPTION
Extent 72p. ; 30cm.
350 ## - PRICE (NR) (BK AM CF MU VM SE) [OBSOLETE]
Price 20.2
520 ## - SUMMARY, ETC.
Summary, etc. Associate editor Ann Glacki; case study by David Carrick.
650 ## - SUBJECT ADDED ENTRY--TOPICAL TERM
Topical term or geographic name entry element BUILT ENVIRONMENT-BUILDING CONTRACT FORMS
650 ## - SUBJECT ADDED ENTRY--TOPICAL TERM
Topical term or geographic name entry element CARRICK DAVID
650 ## - SUBJECT ADDED ENTRY--TOPICAL TERM
Topical term or geographic name entry element GLACKI ANN
650 ## - SUBJECT ADDED ENTRY--TOPICAL TERM
Topical term or geographic name entry element JAMES R KNOWLES
700 ## - ADDED ENTRY--PERSONAL NAME
Personal name Knowles, Roger
International Standard Serial Number Editor
942 ## - ADDED ENTRY ELEMENTS (KOHA)
Suppress in OPAC 0
948 ## - LOCAL PROCESSING INFORMATION (OCLC); SERIES PART DESIGNATOR (RLIN)
c (OCLC) 04/03/1997
Holdings
Withdrawn status Lost status Source of classification or shelving scheme Damaged status Not for loan Home library Current library Shelving location Date acquired Cost, normal purchase price Total Checkouts Full call number Barcode Date last seen Date last checked out Copy number Cost, replacement price Price effective from Koha item type
    Dewey Decimal Classification     London London Folio 14/09/1999 20.20 4 F692.8 30029278 06/08/2019 20/11/2000 1 20.20 06/08/2019 Book